000 00500nam a22001697a 4500
005 20240910121631.0
008 240910b |||||||| |||| 00| 0 eng d
020 _a9781776179220
041 _aEnglish
082 _a343.4 INC
100 _lEnglish
245 _aIncome Tax Legislation 2024 /
_cLexisNexis Editorial Staff
260 _aDurban:
_bLexisNexis (Pty)Ltd,
_c2024
300 _bvii, 646 pages;
_c25 cm.
650 _aLegal practice
_bLaw
942 _cBK
_6ALISON_BN_VRIES
999 _c3037
_d3037